000 00244pam a2200121 a 4500
020 _c
041 _h
100 _aPage one.
245 _aInfinite Illustraion
260 _a[s.l]:
_bPage one,
_c2014.
300 _a240:
_bHard.
930 _a7463
999 _c241253
_d241253